000 00662nam a22001937a 4500
005 20260218060026.0
008 260218b |||||||| |||| 00| 0 eng d
020 _a978-621-427-175-7
082 _aFil. 394.2068 D331 2024
100 _aDela Cruz, Michael L.
_9253
245 _aEvents management /
_cMichael L. .Dela Cruz, Ma. Del Carmen L. Labong
250 _a2nd ed.
260 _aManila:
_bUnlimited Books Library & Services Publishing,
_cc2024
300 _ax, 114p.:
_bill.
504 _aIncludes bibliographical references
541 _e7904 c.1, 7905 c2
650 _aSpecial events - Management
_9254
700 _aLabong, Ma. Del Carmen G.
_eauthor
_9255
999 _c2514
_d2514